Normal view
MARC view
Entry Topical Term
001 - CONTROL NUMBER
- control field: 27624
003 - CONTROL NUMBER IDENTIFIER
- control field: OSt
005 - DATE AND TIME OF LATEST TRANSACTION
- control field: 20210924112245.0
008 - FIXED-LENGTH DATA ELEMENTS
- fixed length control field: 210924|| aca||aabn | a|a d
040 ## - CATALOGING SOURCE
- Original cataloging agency: OSt
- Transcribing agency: OSt
150 ## - HEADING--TOPICAL TERM
- Topical term or geographic name entry element: Affective control, Collaborative work, Community, fantasy, Jouissance, Lacan, Paradoxical tension
670 ## - SOURCE DATA FOUND
- Source citation: Work cat.: (OSt): Resch, B. Hoyer, P. Steyaert, C. 27623, Affective control in new collaborative work: Communal fantasies of purpose, growth and belonging
